all avengers - Statistics

General Stats
  • This quiz has been taken 29 times
  • The average score is 15 of 18
Answer Stats
Answer % Correct
red suit iron man
100%
small guy antman
96%
wakanda black panther
96%
shield captain america
96%
magic doctor strange
96%
good aim hawkeye
96%
big and green hulk
96%
hammer thor
96%
also magic scarlet witch
93%
other arachnide black widow
89%
fast quicksilver
89%
arachnide spider man
85%
hes got wings falcon
81%
small girl wasp
81%
soul stone vision
74%
grey suit war machine
67%
antennas mantis
63%
worst marvel character (not bias) ms marvel
11%
No matching quizzes found
Score Distribution
Percent of People with Each Score
Percentile by Number Answered
Your Score History
You have not taken this quiz